Höchste Berge nach Gebirge - Statistiken

Allgemein
  • Dieses Quiz wurde 40 mal gespielt
  • Das Durchschnittsergebnis liegt bei 5 aus 18
Antwortstatistiken
Antwort % Korrekt
Mount Everest
94%
Mont Blanc
92%
K2
89%
Denali
53%
Aconcagua
44%
Dufourspitze
36%
Lhotse
17%
Dom
14%
Mount Logan
14%
Kangchendzönga
8%
Broadpeak
6%
Gasherbrum I
3%
Monte Pissis
3%
Mount Elbert
3%
Mount Harvard
3%
Mount Massive
3%
Mount Saint Elias
3%
Ojos del Salado
3%
Keine übereinstimmenden Quizze gefunden
Verteilung der Resultate
Anzahl Personen mit jedem Resultat
Perzentil nach korrekt beantworteten Fragen
Ihre Resultats-Entwicklung
Sie haben dieses Quiz noch nicht gespielt